OPAC Home

අභිනව මාධව සන්නය (Record no. 81427)

MARC details
000 -LEADER
fixed length control field 00554nam a2200193Ia 4500
003 - CONTROL NUMBER IDENTIFIER
control field LK-CoDNM
005 - DATE AND TIME OF LATEST TRANSACTION
control field 20240315141944.0
008 - FIXED-LENGTH DATA ELEMENTS--GENERAL INFORMATION
fixed length control field 010623t1857 xxu||||| |||| 00| 1 Pali d
040 ## - CATALOGING SOURCE
Original cataloging agency LK-CoDNM
Modifying agency LK-CoDNM
Description conventions LK-CoDNM
041 ## - LANGUAGE CODE
Language code of text/sound track or separate title
--
-- Sinhala; Sinhalese
080 ## - UNIVERSAL DECIMAL CLASSIFICATION NUMBER
Universal Decimal Classification number 104 FF38
942 ## - ADDED ENTRY ELEMENTS (KOHA)
Koha item type Books
100 ## - MAIN ENTRY--PERSONAL NAME
Personal name Kawichandra
700 ## - ADDED ENTRY--PERSONAL NAME
Personal name M.Goonanande
Relator term editor
245 ## - TITLE STATEMENT
Title අභිනව මාධව සන්නය
246 ## - VARYING FORM OF TITLE
Title proper/short title Abhinawa Madhawa . A System on Diseases Part.I
260 ## - PUBLICATION, DISTRIBUTION, ETC. (IMPRINT)
Name of publisher, distributor, etc. D.J.Weeraesekere
Place of publication, distribution, etc. Colombo
Date of publication, distribution, etc. 1857
300 ## - PHYSICAL DESCRIPTION
Other physical details Damaged
Extent 61p.,17 cm
Holdings
Withdrawn status Lost status Damaged status Not for loan Collection code Permanent Location Current Location Date acquired Full call number Barcode Koha item type
        Monographs Library National Museum Colombo - Sri Lanka Library National Museum Colombo - Sri Lanka 2023-08-02 104 FF38 OB1677-6 Books
Copyright © 2023 Department of National Museum, Colombo 07, Sri Lanka Funded by UNESCO IFAP UNESCO